000 00635nam a22001817a 4500
005 20120208175721.0
008 120208t xxu||||| |||| 00| 0 eng d
020 _a812032966X
_c225.00
035 _aB-227957
040 _aDPL
_bENG
100 _aTiwari, N.K., Shandilya, Shishir K.
_941264
245 _aOperation Research /
_cby N.K. Tiwari
260 _aNew Delhi
_bPHI
_c2006
300 _axiii, 292p.
_c22cms
700 _aShandilya, Shishir K.
_941265
942 _2ddc
_cEN
_h003
_mTIW
999 _c62335
_d62335